[Event "Titled Tuesday intern op 22nd Nov Early"]
[Site "Chess.com INT"]
[Date "2022.11.22"]
[Round "3"]
[White "Avazkhonov, Alikhon"]
[Black "Nanditha, V."]
[Result "1-0"]
[WhiteElo "1538"]
[BlackElo "1644"]
[PlyCount "85"]
[EventDate "2022.11.22"]
[EventType "swiss (blitz)"]
[EventRounds "11"]
[EventCountry "USA"]
[SourceTitle "CBM 211 Extra"]
[Source "ChessBase"]
[SourceDate "2023.01.31"]
[SourceVersion "1"]
[SourceVersionDate "2023.01.31"]
[SourceQuality "1"]

1. d4 d5 2. c4 e6 3. Nc3 c6 4. e4 dxe4 5. Nxe4 Nf6 6. Nxf6+ Qxf6 7. Nf3 Bb4+ 8. Bd2 a5 9. Bd3 Bxd2+ 10. Qxd2 0-0 11. 0-0-0 b5 12. Ng5 g6 13. h4 Qxd4 14. Nxh7 bxc4 15. Qh6 cxd3 16. Qxf8+ Kxh7 17. Qxc8 Qc5+ 18. Kb1 Qc2+ 19. Ka1 a4 20. Qb7 a3 21. Rb1 Ra4 22. Qxf7+ Kh8 23. Qf8+ Kh7 24. Qxb8 d2 25. Qb7+ Kh6 26. Qb3 axb2+ 27. Rxb2 Qe4 28. Qe3+ Qxe3 29. fxe3 Re4 30. Rxd2 Kh5 31. Rhd1 Kg4 32. Rd4 Rxd4 33. Rxd4+ Kg3 34. Rd6 Kxg2 35. Rxe6 Kf3 36. Rxg6 Kxe3 37. h5 c5 38. h6 c4 39. h7 c3 40. h8Q c2 41. Qc3+ Ke2 42. Re6+ Kd1 43. Re1# 1-0

[Event "Titled Tuesday intern op 22nd Nov Early"]
[Site "Chess.com INT"]
[Date "2022.11.22"]
[Round "5"]
[White "Krzywda, Andrzej"]
[Black "Nanditha, V."]
[Result "1-0"]
[WhiteElo "2249"]
[BlackElo "1644"]
[PlyCount "97"]
[EventDate "2022.11.22"]
[EventType "swiss (blitz)"]
[EventRounds "11"]
[EventCountry "USA"]
[SourceTitle "CBM 211 Extra"]
[Source "ChessBase"]
[SourceDate "2023.01.31"]
[SourceVersion "1"]
[SourceVersionDate "2023.01.31"]
[SourceQuality "1"]

1. d4 d5 2. c4 e6 3. Nf3 Nf6 4. g3 Be7 5. Bg2 0-0 6. 0-0 b6 7. cxd5 exd5 8. Nc3 c6 9. Bf4 Re8 10. Ne5 Nfd7 11. Qb3 g5 12. Nxd7 gxf4 13. Ne5 f6 14. Nd3 Bd6 15. Nxf4 Bxf4 16. gxf4 Kh8 17. e3 Rg8 18. Kh1 Nd7 19. Bf3 Nf8 20. Rg1 Ng6 21. Qc2 Bh3 22. Rg3 Qd7 23. Rag1 Nh4 24. Qe2 Nxf3 25. Qxf3 Bf5 26. Qh5 Qe6 27. Qf3 Rxg3 28. Qxg3 Rg8 29. Qxg8+ Qxg8 30. Rxg8+ Kxg8 31. Kg2 Kf7 32. Kg3 h5 33. Kh4 Kg6 34. Ne2 Bb1 35. a3 Bd3 36. Ng3 c5 37. dxc5 bxc5 38. Nxh5 d4 39. Ng3 Bb1 40. exd4 cxd4 41. Kg4 d3 42. f5+ Kf7 43. Ne4 Bc2 44. Kf4 d2 45. Nxd2 Ke7 46. h4 Kd6 47. h5 Ba4 48. h6 Be8 49. h7 1-0

[Event "Titled Tuesday intern op 22nd Nov Early"]
[Site "Chess.com INT"]
[Date "2022.11.22"]
[Round "4"]
[White "Nanditha, V."]
[Black "Ismayil, Malak"]
[Result "1-0"]
[WhiteElo "1644"]
[BlackElo "1941"]
[PlyCount "95"]
[EventDate "2022.11.22"]
[EventType "swiss (blitz)"]
[EventRounds "11"]
[EventCountry "USA"]
[SourceTitle "CBM 211 Extra"]
[Source "ChessBase"]
[SourceDate "2023.01.31"]
[SourceVersion "1"]
[SourceVersionDate "2023.01.31"]
[SourceQuality "1"]

1. e4 e5 2. Nf3 Nc6 3. Nc3 Nf6 4. d4 exd4 5. Nxd4 Bc5 6. Be3 Bb6 7. Nxc6 bxc6 8. Bxb6 axb6 9. Bd3 Qe7 10. 0-0 0-0 11. Qf3 d6 12. h3 Nd7 13. Rae1 Ne5 14. Qg3 f6 15. f4 Ng6 16. e5 f5 17. exd6 Qxd6 18. Rd1 Qc5+ 19. Kh2 Be6 20. a3 b5 21. Rfe1 Rae8 22. Be2 b4 23. axb4 Qxb4 24. b3 Nxf4 25. Na2 Nxe2 26. Nxb4 Nxg3 27. Kxg3 c5 28. Nc6 f4+ 29. Kf2 Kf7 30. Re5 c4 31. b4 Ra8 32. Rde1 Rfe8 33. R1e4 Ra2 34. Rxe6 Rxc2+ 35. Kf3 Rc3+ 36. Kxf4 Ra8 37. Re7+ Kf8 38. Re3 Rc2 39. Rf3 Rxg2 40. Rxc7 Re8 41. Ne5 Re2 42. Ng4 R2e4+ 43. Kg3+ Kg8 44. Rff7 h5 45. Rxg7+ Kh8 46. Rh7+ Kg8 47. Nf6+ Kf8 48. Rcf7# 1-0

[Event "Titled Tuesday intern op 25th Jan"]
[Site "Chess.com INT"]
[Date "2022.01.25"]
[Round "10"]
[White "Nanditha, V."]
[Black "Kiseljova, Marya"]
[Result "0-1"]
[WhiteElo "1644"]
[BlackElo "2031"]
[PlyCount "110"]
[EventDate "2022.01.25"]
[EventType "swiss (blitz)"]
[EventRounds "11"]
[EventCountry "USA"]
[SourceTitle "CBM 206 Extra"]
[Source "ChessBase"]
[SourceDate "2022.03.31"]
[SourceVersion "1"]
[SourceVersionDate "2022.03.31"]
[SourceQuality "1"]

1. e4 c5 2. Nf3 Nc6 3. d4 cxd4 4. Nxd4 g6 5. c4 Bg7 6. Be3 Nf6 7. Nc3 d6 8. Be2 0-0 9. 0-0 Bd7 10. Qd2 Nxd4 11. Bxd4 Bc6 12. f3 a5 13. Rad1 Nd7 14. Bxg7 Kxg7 15. Nd5 Bxd5 16. exd5 Qb6+ 17. Qd4+ Qxd4+ 18. Rxd4 Rfc8 19. Re1 Rc7 20. Kf2 Rac8 21. Bf1 Ne5 22. b3 a4 23. f4 Ng4+ 24. Kg3 h5 25. h3 Nf6 26. Rd2 axb3 27. axb3 Ra8 28. Rde2 Kf8 29. Kf3 Ra3 30. Re3 Ne8 31. g4 hxg4+ 32. hxg4 Nf6 33. f5 g5 34. b4 Ra4 35. Rb3 Kg7 36. Ree3 Ra1 37. Be2 Rg1 38. Kf2 Rh1 39. Kg2 Re1 40. Kf2 Rc1 41. Rh3 Rc2 42. Rhc3 Rxc3 43. Rxc3 Nxd5 44. Ra3 Nxb4 45. Rb3 Nc6 46. Ke3 Ne5 47. Rb4 Kf6 48. Kd4 Nc6+ 49. Kc3 Nxb4 50. Kxb4 Ke5 51. c5 dxc5+ 52. Kc4 Kf4 53. Bd3 Kxg4 54. f6 exf6 55. Bh7 f5 0-1

[Event "Titled Tuesday intern op 25th Jan"]
[Site "Chess.com INT"]
[Date "2022.01.25"]
[Round "5"]
[White "Reprintsev, Alexander"]
[Black "Nanditha, V."]
[Result "1-0"]
[WhiteElo "2353"]
[BlackElo "1644"]
[PlyCount "109"]
[EventDate "2022.01.25"]
[EventType "swiss (blitz)"]
[EventRounds "11"]
[EventCountry "USA"]
[SourceTitle "CBM 206 Extra"]
[Source "ChessBase"]
[SourceDate "2022.03.31"]
[SourceVersion "1"]
[SourceVersionDate "2022.03.31"]
[SourceQuality "1"]

1. e4 c6 2. b3 d5 3. Qe2 dxe4 4. Nc3 Nf6 5. Nxe4 Nxe4 6. Qxe4 Nd7 7. Bb2 Nf6 8. Qe5 Qd5 9. Nf3 Bg4 10. Qxd5 Nxd5 11. Ne5 Bf5 12. 0-0-0 f6 13. Nc4 0-0-0 14. a3 e5 15. h3 Bc5 16. g4 Be4 17. Rh2 Bf3 18. Re1 Nf4 19. h4 Bxg4 20. Ne3 Be6 21. h5 Rd7 22. d3 Rhd8 23. Kb1 a5 24. Ka2 Bb6 25. Nc4 Bxc4 26. bxc4 Bd4 27. Bc1 Bc3 28. Re4 a4 29. Bxf4 exf4 30. Bh3 Kc7 31. Bxd7 Rxd7 32. Rxf4 Be5 33. Rhh4 Bxf4 34. Rxf4 Re7 35. Kb2 Re2 36. Kc3 Kd6 37. d4 b6 38. h6 gxh6 39. Rxf6+ Re6 40. Rf7 Rg6 41. Rxh7 c5 42. d5 Rf6 43. Kd3 Rf3+ 44. Ke4 Rxa3 45. Rxh6+ Kc7 46. Ke5 Rc3 47. Rh7+ Kd8 48. Kd6 Ke8 49. Kc7 Rxc4 50. d6 Rd4 51. d7+ Rxd7+ 52. Rxd7 a3 53. Rd3 a2 54. Ra3 a1Q 55. Rxa1 1-0

[Event "Titled Tuesday intern op 11th Jan"]
[Site "Chess.com INT"]
[Date "2022.01.11"]
[Round "11"]
[White "Nanditha, V."]
[Black "Belenkaya, Dina"]
[Result "0-1"]
[WhiteElo "1644"]
[BlackElo "2277"]
[PlyCount "100"]
[EventDate "2022.01.11"]
[EventType "swiss (blitz)"]
[EventRounds "11"]
[EventCountry "USA"]
[SourceTitle "CBM 206 Extra"]
[Source "ChessBase"]
[SourceDate "2022.03.31"]
[SourceVersion "1"]
[SourceVersionDate "2022.03.31"]
[SourceQuality "1"]

1. e4 c6 2. Nf3 d5 3. exd5 cxd5 4. Ne5 Nc6 5. Bb5 Bd7 6. Nxd7 Qxd7 7. d4 e6 8. 0-0 Bd6 9. c4 dxc4 10. Nd2 Qc7 11. Nxc4 Bxh2+ 12. Kh1 Bf4 13. Be3 Nf6 14. Rc1 0-0 15. Qf3 Nd5 16. Bxc6 bxc6 17. Bxf4 Qxf4 18. Qxf4 Nxf4 19. Ne5 Ne2 20. Rcd1 Rfd8 21. Nxc6 Rd6 22. d5 Kf8 23. Rfe1 Nf4 24. Nb4 Nxd5 25. Nxd5 Rxd5 26. Rxd5 exd5 27. Rd1 Rd8 28. Rd4 Ke7 29. g3 Ke6 30. f4 Kd6 31. Kg2 Kc5 32. Rd2 d4 33. Kf3 d3 34. Ke3 Kc4 35. Rd1 Re8+ 36. Kf3 Kd4 37. Rd2 Re1 38. Rh2 Rf1+ 39. Kg4 Ke3 40. Rxh7 d2 41. Rxg7 d1Q+ 42. Kg5 Rg1 43. Kf6 Qd4+ 44. Kxf7 Rc1 45. Kg8 Rc8+ 46. Kh7 Qe4+ 47. f5 Qxf5+ 48. Rg6 Rc7+ 49. Kh8 Qf8+ 50. Rg8 Qh6# 0-1

[Event "Titled Tuesday intern op 11th Jan"]
[Site "Chess.com INT"]
[Date "2022.01.11"]
[Round "7"]
[White "Ogloblin, Nikolay"]
[Black "Nanditha, V."]
[Result "1-0"]
[WhiteElo "2346"]
[BlackElo "1644"]
[PlyCount "159"]
[EventDate "2022.01.11"]
[EventType "swiss (blitz)"]
[EventRounds "11"]
[EventCountry "USA"]
[SourceTitle "CBM 206 Extra"]
[Source "ChessBase"]
[SourceDate "2022.03.31"]
[SourceVersion "1"]
[SourceVersionDate "2022.03.31"]
[SourceQuality "1"]

1. d4 d5 2. Nf3 Nf6 3. e3 e6 4. Bd3 Be7 5. Nbd2 0-0 6. 0-0 Nbd7 7. c4 c5 8. b3 b6 9. Bb2 Bb7 10. Qe2 Re8 11. Rfd1 Ne4 12. Rac1 f5 13. Ne5 Nxe5 14. dxe5 dxc4 15. Bxc4 Qc7 16. Bxe6+ Kh8 17. Bxf5 Ng5 18. f4 Nf7 19. Be4 Nh6 20. Bxb7 Qxb7 21. Qf3 Qc7 22. Ne4 Rad8 23. Nd6 Bxd6 24. exd6 Rxd6 25. Be5 Rxd1+ 26. Rxd1 Qf7 27. Qd5 Qg6 28. e4 Ng4 29. f5 Qh5 30. Bf4 Qh4 31. Bg3 Qh6 32. Qd2 Qh5 33. h3 Nf6 34. Re1 Nxe4 35. Qd7 Nf6 36. Rxe8+ Qxe8 37. Qxa7 h6 38. Qxb6 Qe7 39. Qb8+ Kh7 40. Qf4 Qe2 41. Qf2 Qd1+ 42. Kh2 Ne4 43. Qf3 Qxf3 44. gxf3 Nd2 45. Kg2 c4 46. bxc4 Nxc4 47. a4 Ne3+ 48. Kf2 Nxf5 49. Bc7 Ne7 50. a5 Nc6 51. a6 Kg6 52. Bb6 Kf5 53. a7 Nxa7 54. Bxa7 g5 55. Kg3 h5 56. Be3 Kg6 57. h4 gxh4+ 58. Kxh4 Kf5 59. Kxh5 Ke5 60. Kg4 Kf6 61. Kf4 Kg6 62. Ke5 Kg7 63. Ke6 Kg6 64. f4 Kg7 65. f5 Kf8 66. Kf6 Ke8 67. Kg7 Kd7 68. f6 Kd6 69. f7 Kd5 70. f8Q Ke4 71. Qf4+ Kd3 72. Kf6 Kc3 73. Bb6 Kd3 74. Ke5 Kc3 75. Qd4+ Kb3 76. Kd5 Ka3 77. Kc4 Ka2 78. Qd2+ Kb1 79. Kb3 Ka1 80. Qb2# 1-0

[Event "Titled Tuesday intern op 11th Jan"]
[Site "Chess.com INT"]
[Date "2022.01.11"]
[Round "2"]
[White "Tregubov, Pavel V"]
[Black "Nanditha, V."]
[Result "1-0"]
[WhiteElo "2537"]
[BlackElo "1644"]
[PlyCount "105"]
[EventDate "2022.01.11"]
[EventType "swiss (blitz)"]
[EventRounds "11"]
[EventCountry "USA"]
[SourceTitle "CBM 206 Extra"]
[Source "ChessBase"]
[SourceDate "2022.03.31"]
[SourceVersion "1"]
[SourceVersionDate "2022.03.31"]
[SourceQuality "1"]

1. e4 c6 2. Nf3 d5 3. Nc3 dxe4 4. Nxe4 Nf6 5. Qe2 Nxe4 6. Qxe4 Nd7 7. Bc4 e6 8. d4 Nf6 9. Qe2 b5 10. Bd3 a6 11. a4 Bb7 12. 0-0 Be7 13. Bg5 h6 14. Bh4 0-0 15. Rfd1 Nd5 16. Qe4 g6 17. Bxe7 Qxe7 18. Ne5 Qg5 19. Nd7 Rfe8 20. Nc5 Rab8 21. h4 Qf4 22. Qxf4 Nxf4 23. Nd7 Rbd8 24. Nf6+ Kf8 25. Nxe8 Kxe8 26. g3 Nd5 27. Be4 Nf6 28. Bf3 Rd7 29. axb5 cxb5 30. Bxb7 Rxb7 31. Rxa6 b4 32. c4 bxc3 33. bxc3 Rc7 34. Rc1 Ne4 35. c4 Nd2 36. Kg2 Rxc4 37. Rxc4 Nxc4 38. Kf3 Ke7 39. Ke4 Nd6+ 40. Kd3 Ne8 41. Ra7+ Kf6 42. Kc4 Ng7 43. d5 exd5+ 44. Kxd5 Nf5 45. Ra6+ Kg7 46. Ke5 Kg8 47. h5 Kg7 48. hxg6 fxg6 49. Ra7+ Kf8 50. Kf6 Ke8 51. Kxg6 Nd4 52. Kxh6 Nf3 53. g4 1-0

[Event "Titled Tuesday intern op 14th Dec"]
[Site "Chess.com INT"]
[Date "2021.12.14"]
[Round "7"]
[White "Idrisov, Ildar F"]
[Black "Nanditha, V."]
[Result "1-0"]
[WhiteElo "2282"]
[BlackElo "1644"]
[PlyCount "41"]
[EventDate "2021.12.14"]
[EventType "swiss (blitz)"]
[EventRounds "11"]
[EventCountry "USA"]
[SourceTitle "EXT 2023"]
[Source "ChessBase"]
[SourceDate "2022.10.05"]
[SourceVersion "1"]
[SourceVersionDate "2022.10.05"]
[SourceQuality "1"]

1. Nf3 d5 2. b3 Nf6 3. Bb2 c5 4. e3 Nc6 5. d4 Bg4 6. Be2 e6 7. 0-0 cxd4 8. Nxd4 Bxe2 9. Qxe2 Bd6 10. Nd2 h5 11. h3 Ne5 12. c4 dxc4 13. Nxc4 Nxc4 14. Qxc4 a6 15. Rad1 0-0 16. Nxe6 fxe6 17. Qxe6+ Kh8 18. Rxd6 Qa5 19. Rfd1 Rae8 20. Qc4 Ne4 21. Rh6# 1-0

[Event "Titled Tuesday intern op 14th Dec"]
[Site "Chess.com INT"]
[Date "2021.12.14"]
[Round "6"]
[White "Nanditha, V."]
[Black "Mihailidis, Anastasios"]
[Result "1-0"]
[WhiteElo "1644"]
[BlackElo "2235"]
[PlyCount "55"]
[EventDate "2021.12.14"]
[EventType "swiss (blitz)"]
[EventRounds "11"]
[EventCountry "USA"]
[SourceTitle "EXT 2023"]
[Source "ChessBase"]
[SourceDate "2022.10.05"]
[SourceVersion "1"]
[SourceVersionDate "2022.10.05"]
[SourceQuality "1"]

1. e4 c5 2. Nf3 d6 3. d4 cxd4 4. Bb5+ Bd7 5. Bxd7+ Qxd7 6. Nxd4 Nf6 7. Nc3 g6 8. 0-0 Bg7 9. Be3 0-0 10. Qe2 Ng4 11. Rad1 Nxe3 12. Qxe3 Nc6 13. Nxc6 bxc6 14. e5 d5 15. Rfe1 e6 16. Ne4 Bxe5 17. Nc5 Qd6 18. Qxe5 Qxc5 19. Rd3 Qxc2 20. Rf3 Rab8 21. h4 Qxb2 22. Rc3 Rbe8 23. Qf6 c5 24. h5 Qd2 25. Rce3 Qd4 26. Re5 c4 27. h6 Qxe5 28. Rxe5 1-0

[Event "Titled Tuesday intern op 07th Dec"]
[Site "Chess.com INT"]
[Date "2021.12.07"]
[Round "4"]
[White "Klyashtorny, Vladislav"]
[Black "Nanditha, V."]
[Result "1-0"]
[WhiteElo "2403"]
[BlackElo "1644"]
[PlyCount "133"]
[EventDate "2021.12.07"]
[EventType "swiss (blitz)"]
[EventRounds "11"]
[EventCountry "USA"]
[SourceTitle "CBM 205 Extra"]
[Source "ChessBase"]
[SourceDate "2022.01.31"]
[SourceVersion "1"]
[SourceVersionDate "2022.01.31"]
[SourceQuality "1"]

1. e4 c6 2. Nc3 d5 3. Nf3 dxe4 4. Nxe4 Nf6 5. Nxf6+ exf6 6. d4 Bd6 7. Be2 0-0 8. 0-0 Re8 9. Re1 Bg4 10. h3 Bh5 11. Nh4 Bxe2 12. Rxe2 Nd7 13. Nf5 Bf8 14. Rxe8 Qxe8 15. Be3 Qe4 16. Qg4 Qxg4 17. hxg4 Re8 18. c4 c5 19. dxc5 Ne5 20. Nd6 Bxd6 21. cxd6 Nxc4 22. Rd1 Nxe3 23. fxe3 Rd8 24. Rc1 Kf8 25. Rc7 Rxd6 26. Rxb7 Rd2 27. a4 a5 28. Kh2 Re2 29. Rb5 Ke7 30. Kg3 Rxe3+ 31. Kf4 Re2 32. b3 Rb2 33. g3 g6 34. Ke4 Ke6 35. Kd4 Rd2+ 36. Kc4 Rc2+ 37. Kd3 Rg2 38. Rxa5 Rxg3+ 39. Kc2 Rxg4 40. Rb5 Rg5 41. Rb6+ Ke7 42. b4 h5 43. a5 h4 44. a6 Rg2+ 45. Kb3 Rg1 46. Kb2 Rg2+ 47. Kb3 Rg1 48. Rb5 h3 49. Rb7+ Ke6 50. Rb8 h2 51. Re8+ Kf5 52. Rh8 Ra1 53. b5 h1Q 54. Rxh1 Rxh1 55. a7 Ra1 56. b6 Ke6 57. b7 Rb1+ 58. Kc2 Rxb7 59. a8Q Rd7 60. Qe8+ Re7 61. Qc8+ Ke5 62. Kd3 Re6 63. Qc7+ Rd6+ 64. Kc4 Ke6 65. Kc5 Rd5+ 66. Kc6 Re5 67. Qd7# 1-0

[Event "Titled Tuesday intern op 07th Dec"]
[Site "Chess.com INT"]
[Date "2021.12.07"]
[Round "8"]
[White "Nanditha, V."]
[Black "Andersson, Bjorn2222"]
[Result "1-0"]
[WhiteElo "1644"]
[BlackElo "2129"]
[PlyCount "137"]
[EventDate "2021.12.07"]
[EventType "swiss (blitz)"]
[EventRounds "11"]
[EventCountry "USA"]
[SourceTitle "CBM 205 Extra"]
[Source "ChessBase"]
[SourceDate "2022.01.31"]
[SourceVersion "1"]
[SourceVersionDate "2022.01.31"]
[SourceQuality "1"]

1. e4 e6 2. d4 d5 3. exd5 exd5 4. Bd3 Nc6 5. Ne2 Bd6 6. 0-0 Nge7 7. Bg5 f6 8. Bh4 Bg4 9. f3 Bh5 10. Bg3 Bg6 11. Nf4 Bxd3 12. Qxd3 Qd7 13. Re1 0-0-0 14. Ne6 Rdg8 15. c4 dxc4 16. Qxc4 Bxg3 17. hxg3 Nd5 18. Nc3 Nb6 19. Qd3 Re8 20. d5 Ne5 21. Qd1 Nxd5 22. Qxd5 Qxe6 23. Qxe6+ Rxe6 24. f4 Rb6 25. fxe5 fxe5 26. Rxe5 Rxb2 27. Rc1 c6 28. Re7 Rd8 29. Ne4 Rxa2 30. Rf1 Rd7 31. Re8+ Kc7 32. Nc5 Rdd2 33. Rf7+ Kb6 34. Nd7+ Ka6 35. Nb8+ Kb6 36. Nd7+ Ka5 37. Re5+ b5 38. Nb8 Rxg2+ 39. Kf1 Rh2 40. Rxa7+ Kb6 41. Rxa2 Rxa2 42. Nd7+ Kc7 43. Nf8 Kd6 44. Re1 b4 45. Nxh7 b3 46. Ng5 c5 47. Ne4+ Kd5 48. Nc3+ Kc4 49. Nxa2 bxa2 50. Ke2 Kb3 51. Kd3 c4+ 52. Kd4 c3 53. Kd3 Kb2 54. Rf1 g5 55. g4 c2 56. Kd2 Kb3 57. Rc1 Kb2 58. Rxc2+ Kb1 59. Rc1+ Kb2 60. Rh1 a1Q 61. Rxa1 Kxa1 62. Kd3 Kb2 63. Ke4 Kc3 64. Kf5 Kd4 65. Kxg5 Ke5 66. Kh6 Kf6 67. g5+ Kf7 68. Kh7 Kf8 69. g6 1-0

[Event "Titled Tuesday intern op 07th Dec"]
[Site "Chess.com INT"]
[Date "2021.12.07"]
[Round "1"]
[White "Nanditha, V."]
[Black "Mitusov, Semen"]
[Result "0-1"]
[WhiteElo "1644"]
[BlackElo "2304"]
[PlyCount "78"]
[EventDate "2021.12.07"]
[EventType "swiss (blitz)"]
[EventRounds "11"]
[EventCountry "USA"]
[SourceTitle "CBM 205 Extra"]
[Source "ChessBase"]
[SourceDate "2022.01.31"]
[SourceVersion "1"]
[SourceVersionDate "2022.01.31"]
[SourceQuality "1"]

1. e4 e5 2. Nf3 Nc6 3. Bb5 a6 4. Ba4 Nf6 5. 0-0 Be7 6. Qe2 b5 7. Bb3 0-0 8. c4 d6 9. h3 Na5 10. cxb5 axb5 11. Qxb5 Ba6 12. Qxa5 Bxf1 13. Qc3 Ba6 14. d3 Qd7 15. Bg5 h6 16. Bxf6 Bxf6 17. Nbd2 c6 18. Rc1 Rfc8 19. Nc4 Bxc4 20. dxc4 d5 21. Nxe5 Qe7 22. f4 dxe4 23. c5 Bxe5 24. fxe5 Rf8 25. Qc4 Qxe5 26. Re1 Rae8 27. Bc2 e3 28. Qd3 g6 29. Bb3 Kg7 30. Kh1 Qxc5 31. Re2 Re5 32. a3 Rfe8 33. Ba2 Rf5 34. Re1 Rf2 35. b4 Qg5 36. Qc3+ Kh7 37. Qxc6 Rxa2 38. Rg1 Re6 39. Qd7 Kg7 0-1

[Event "Titled Tuesday intern op 30th Nov"]
[Site "Chess.com INT"]
[Date "2021.11.30"]
[Round "7"]
[White "Nanditha, V."]
[Black "Chernov, Mikhail"]
[Result "0-1"]
[WhiteElo "1666"]
[BlackElo "2213"]
[PlyCount "96"]
[EventDate "2021.11.30"]
[EventType "swiss (blitz)"]
[EventRounds "11"]
[EventCountry "USA"]
[SourceTitle "CBM 205 Extra"]
[Source "ChessBase"]
[SourceDate "2022.01.31"]
[SourceVersion "1"]
[SourceVersionDate "2022.01.31"]
[SourceQuality "1"]

1. e4 c5 2. Nf3 Nc6 3. Bb5 g6 4. c3 Bg7 5. 0-0 e5 6. d4 exd4 7. Bxc6 dxc6 8. cxd4 cxd4 9. e5 c5 10. Bg5 Ne7 11. b4 b6 12. bxc5 bxc5 13. Nbd2 0-0 14. Ne4 Qc7 15. Rc1 Ba6 16. Rxc5 Qd7 17. Re1 Nf5 18. g4 h6 19. gxf5 hxg5 20. f6 Bh6 21. Nfxg5 Bb7 22. e6 fxe6 23. f7+ Rxf7 24. Nxf7 Qxf7 25. Nd6 Qe7 26. Nxb7 Qxb7 27. Rxe6 Qf7 28. Rce5 Rf8 29. Qxd4 Bg7 30. Qe3 Bxe5 31. Rxe5 Qxa2 32. Re7 Qb1+ 33. Kg2 Qf5 34. Qxa7 Qf3+ 35. Kg1 Qd1+ 36. Kg2 Qg4+ 37. Kf1 Qc4+ 38. Kg2 Qd5+ 39. Kg1 Qg5+ 40. Kf1 Qc1+ 41. Re1 Qc4+ 42. Kg1 Qg4+ 43. Kf1 Qh3+ 44. Kg1 Qg4+ 45. Kf1 Qf3 46. Qa2+ Kh8 47. Qb2+ Kg8 48. Qe2 Qh1# 0-1

[Event "Speed Chess (Women) Q7"]
[Site "Chess.com INT"]
[Date "2021.06.06"]
[Round "2"]
[White "Balabayeva, Kseniya"]
[Black "Nanditha, V."]
[Result "1-0"]
[WhiteElo "2116"]
[BlackElo "1666"]
[PlyCount "47"]
[EventDate "2021.06.06"]
[EventType "swiss (blitz)"]
[EventRounds "21"]
[EventCountry "USA"]
[SourceTitle "CBM 202 Extra"]
[Source "ChessBase"]
[SourceDate "2021.07.31"]
[SourceVersion "1"]
[SourceVersionDate "2021.07.31"]
[SourceQuality "1"]

1. e4 c6 2. d4 d5 3. Nd2 dxe4 4. Nxe4 Nf6 5. Nxf6+ exf6 6. c3 Bd6 7. Bd3 0-0 8. Ne2 Re8 9. Qc2 g6 10. Be3 b5 11. h4 b4 12. h5 f5 13. hxg6 fxg6 14. Bc4+ Be6 15. Bxe6+ Rxe6 16. Kd2 bxc3+ 17. bxc3 Bf8 18. Nf4 Re8 19. Qb3+ Kh8 20. Nxg6+ Kg7 21. Rxh7+ Kxh7 22. Qf7+ Bg7 23. Rh1+ Qh4 24. Rxh4# 1-0

[Event "Speed Chess (Women) Q8"]
[Site "Chess.com INT"]
[Date "2021.06.06"]
[Round "4"]
[White "Nanditha, V."]
[Black "Matveeva, Olga"]
[Result "0-1"]
[WhiteElo "1666"]
[BlackElo "2145"]
[PlyCount "36"]
[EventDate "2021.06.06"]
[EventType "swiss (blitz)"]
[EventRounds "13"]
[EventCountry "USA"]
[SourceTitle "CBM 202 Extra"]
[Source "ChessBase"]
[SourceDate "2021.07.31"]
[SourceVersion "1"]
[SourceVersionDate "2021.07.31"]
[SourceQuality "1"]

1. e4 e6 2. d4 d5 3. Nc3 Nf6 4. e5 Nfd7 5. Nce2 c5 6. c3 Nc6 7. Nf3 f6 8. exf6 Nxf6 9. Nf4 cxd4 10. cxd4 Bd6 11. Nd3 0-0 12. Nfe5 Ne4 13. Qh5 Nxd4 14. Be3 Nc2+ 15. Kd1 Nxa1 16. Be2 Qa5 17. Bh6 gxh6 18. Qg4+ Kh8 0-1

[Event "Speed Chess (Women) Q7"]
[Site "Chess.com INT"]
[Date "2021.06.06"]
[Round "5"]
[White "Nanditha, V."]
[Black "Ortez, Andrea"]
[Result "1-0"]
[WhiteElo "1666"]
[BlackElo "1969"]
[PlyCount "67"]
[EventDate "2021.06.06"]
[EventType "swiss (blitz)"]
[EventRounds "21"]
[EventCountry "USA"]
[SourceTitle "CBM 202 Extra"]
[Source "ChessBase"]
[SourceDate "2021.07.31"]
[SourceVersion "1"]
[SourceVersionDate "2021.07.31"]
[SourceQuality "1"]

1. e4 c5 2. Nf3 Nc6 3. d4 cxd4 4. Nxd4 g6 5. Bb5 Bg7 6. Bxc6 bxc6 7. c3 Nf6 8. 0-0 0-0 9. Re1 Qc7 10. Bg5 d6 11. Nd2 Rb8 12. b3 a5 13. h3 Ba6 14. Qf3 Rfe8 15. g4 Nd7 16. Qg2 Ne5 17. Re3 Nd3 18. Nf1 e5 19. Ne2 Qb7 20. Rd1 Nc5 21. Nfg3 f6 22. Bh4 Rbd8 23. g5 Rf8 24. gxf6 Bxf6 25. Bxf6 Rxf6 26. Nf5 Qc7 27. Nh6+ Kg7 28. Ng4 Kh8 29. Nxf6 Rf8 30. Ng4 Ne6 31. Qg3 Bxe2 32. Rxe2 Nf4 33. Re3 Kg7 34. Rf3 1-0

[Event "Speed Chess (Women) Q7"]
[Site "Chess.com INT"]
[Date "2021.06.06"]
[Round "8"]
[White "Obregon Garcia, Roxangel"]
[Black "Nanditha, V."]
[Result "1-0"]
[WhiteElo "2167"]
[BlackElo "1666"]
[PlyCount "73"]
[EventDate "2021.06.06"]
[EventType "swiss (blitz)"]
[EventRounds "21"]
[EventCountry "USA"]
[SourceTitle "CBM 202 Extra"]
[Source "ChessBase"]
[SourceDate "2021.07.31"]
[SourceVersion "1"]
[SourceVersionDate "2021.07.31"]
[SourceQuality "1"]

1. e4 c6 2. d4 d5 3. e5 c5 4. dxc5 e6 5. a3 Bxc5 6. Qg4 Bf8 7. Nf3 Nc6 8. Bd3 Qc7 9. Qg3 h5 10. h4 Nh6 11. b4 Nf5 12. Bxf5 exf5 13. 0-0 Be6 14. Re1 0-0-0 15. Nbd2 Kb8 16. Nb3 Be7 17. Bf4 g5 18. Nxg5 Rhg8 19. Qe3 Bxg5 20. hxg5 Rg6 21. Rac1 d4 22. Qd3 h4 23. Nc5 Bd5 24. c4 Be4 25. Nxe4 fxe4 26. Rxe4 h3 27. g3 h2+ 28. Kxh2 Rh8+ 29. Kg2 f5 30. exf6 Kc8 31. Bxc7 Kxc7 32. b5 Nd8 33. Rxd4 Ne6 34. Qxg6 Nxd4 35. Qg7+ Kb6 36. Qxh8 Ka5 37. f7 1-0

[Event "Speed Chess (Women) Q7"]
[Site "Chess.com INT"]
[Date "2021.06.06"]
[Round "6"]
[White "Vine, Elzbieta"]
[Black "Nanditha, V."]
[Result "0-1"]
[WhiteElo "2138"]
[BlackElo "1666"]
[PlyCount "58"]
[EventDate "2021.06.06"]
[EventType "swiss (blitz)"]
[EventRounds "21"]
[EventCountry "USA"]
[SourceTitle "CBM 202 Extra"]
[Source "ChessBase"]
[SourceDate "2021.07.31"]
[SourceVersion "1"]
[SourceVersionDate "2021.07.31"]
[SourceQuality "1"]

1. e4 c6 2. d4 d5 3. exd5 cxd5 4. Bd3 Nf6 5. h3 Nc6 6. Nf3 e6 7. Bg5 Be7 8. 0-0 h6 9. Be3 Nb4 10. c3 Nxd3 11. Qxd3 0-0 12. Ne5 a5 13. Nd2 Qc7 14. Ndf3 b5 15. Rac1 Ba6 16. Qd2 b4 17. Rfe1 Ne4 18. Qc2 bxc3 19. bxc3 Ba3 20. Rb1 Qxc3 21. Qxc3 Nxc3 22. Rb3 Bb4 23. a3 Ne2+ 24. Rxe2 Bxe2 25. axb4 a4 26. Rb2 a3 27. Ra2 Bxf3 28. Nxf3 Rfb8 29. Bd2 Rc8 0-1